{"text_format":"3","workbook":"xlsx","n_sheets":1,"sheets":["t406"],"read":"whole","date_system":"1900"}

{"sheet":"t406","index":0,"n_rows":162,"n_cols":7,"rows_kept":162,"merged":[[0,0,0,6],[28,0,28,5],[41,0,41,5],[136,0,136,5]]}
["TABELA 406.1 - Estatísticas Agrícolas, Município de Paulínia, Estado de São Paulo, 2016/17."]
["ITEM","UNIDADE","N.DE UPAs","MÍNIMO","MÉDIO","MÁXIMO","TOTAL"]
["Distância à sede do município","km",81,{"v":0,"d":"0.0"},{"v":7.68,"d":"7.7"},{"v":16,"d":"16.0"},"-"]
["Área total","hectare",81,2.6,76.4,{"v":2763,"d":"2,763.0"},{"v":6188.1,"d":"6,188.1"}]
["Área com cultura perene","hectare",25,{"v":1,"d":"1.0"},{"v":9.62,"d":"9.6"},{"v":70,"d":"70.0"},240.6]
["Área com cultura temporária","hectare",47,{"v":1,"d":"1.0"},{"v":88.63,"d":"88.6"},{"v":2000,"d":"2,000.0"},{"v":4165.8,"d":"4,165.8"}]
["Área com pastagem","hectare",17,{"v":1,"d":"1.0"},{"v":16.84,"d":"16.8"},{"v":70,"d":"70.0"},286.2]
["Área com reflorestamento","hectare","-","-","-","-",{"v":0,"d":"0.0"}]
["Área com vegetação natural","hectare",14,0.1,{"v":27.74,"d":"27.7"},{"v":361,"d":"361.0"},388.4]
["Área com vegetação de brejo e várzea","hectare",6,0.5,{"v":3.57,"d":"3.6"},12.4,21.4]
["Área em descanso","hectare",41,0.5,{"v":21.06,"d":"21.1"},{"v":321,"d":"321.0"},863.3]
["Área complementar","hectare",68,0.2,{"v":3.27,"d":"3.3"},{"v":81,"d":"81.0"},222.4]
["Área das UPAs com (0, 1] ha","hectare","-","-","-","-","-"]
["Área das UPAs com (1, 2] ha","hectare","-","-","-","-","-"]
["Área das UPAs com (2, 5] ha","hectare",7,2.6,{"v":3.57,"d":"3.6"},4.8,{"v":25,"d":"25.0"}]
["Área das UPAs com (5, 10] ha","hectare",24,{"v":6,"d":"6.0"},{"v":8.09,"d":"8.1"},{"v":10,"d":"10.0"},194.1]
["Área das UPAs com (10, 20] ha","hectare",15,11.2,{"v":13.93,"d":"13.9"},19.2,{"v":209,"d":"209.0"}]
["Área das UPAs com (20, 50] ha","hectare",17,{"v":21,"d":"21.0"},{"v":31.65,"d":"31.7"},{"v":48,"d":"48.0"},{"v":538,"d":"538.0"}]
["Área das UPAs com (50, 100] ha","hectare",10,{"v":55,"d":"55.0"},{"v":75.95,"d":"76.0"},{"v":100,"d":"100.0"},759.5]
["Área das UPAs com (100, 200] ha","hectare",4,{"v":106,"d":"106.0"},{"v":146.75,"d":"146.8"},{"v":188,"d":"188.0"},{"v":587,"d":"587.0"}]
["Área das UPAs com (200, 500] ha","hectare",2,{"v":210,"d":"210.0"},{"v":305,"d":"305.0"},{"v":400,"d":"400.0"},{"v":610,"d":"610.0"}]
["Área das UPAs com (500, 1.000] ha","hectare",1,502.5,502.5,502.5,502.5]
["Área das UPAs com (1.000, 2.000] ha","hectare","-","-","-","-","-"]
["Área das UPAs com (2.000, 5.000] ha","hectare",1,{"v":2763,"d":"2,763.0"},{"v":2763,"d":"2,763.0"},{"v":2763,"d":"2,763.0"},{"v":2763,"d":"2,763.0"}]
["Área das UPAs com (5.000, 10.000] ha","hectare","-","-","-","-","-"]
["Área das UPAs acima de 10.000 ha","hectare","-","-","-","-","-"]
["Fonte: Secretaria de Agricultura e Abastecimento, CDRS/IEA, Projeto LUPA."]
[]
["TABELA 406.2 - Explorações Animais, Município de Paulínia, Estado de São Paulo, 2016/17."]
["ITEM","UNIDADE","N.DE UPAs","MÍNIMO","MÉDIO","MÁXIMO","TOTAL"]
["Avicultura de corte","cabecas/ano",1,{"v":120000,"d":"120,000.0"},{"v":120000,"d":"120,000.0"},{"v":120000,"d":"120,000.0"},{"v":120000,"d":"120,000.0"}]
["Bovinocultura de corte","cabecas",7,{"v":10,"d":"10.0"},{"v":32.86,"d":"32.9"},{"v":50,"d":"50.0"},{"v":230,"d":"230.0"}]
["Bovinocultura leiteira","cabecas",5,{"v":2,"d":"2.0"},5.8,{"v":10,"d":"10.0"},{"v":29,"d":"29.0"}]
["Bovinocultura mista","cabecas",8,{"v":4,"d":"4.0"},15.5,{"v":25,"d":"25.0"},{"v":124,"d":"124.0"}]
["Caprinocultura","cabecas",1,{"v":9,"d":"9.0"},{"v":9,"d":"9.0"},{"v":9,"d":"9.0"},{"v":9,"d":"9.0"}]
["Equinocultura","cabecas",10,{"v":2,"d":"2.0"},{"v":5,"d":"5.0"},{"v":11,"d":"11.0"},{"v":50,"d":"50.0"}]
["Ovinocultura","cabecas",1,{"v":20,"d":"20.0"},{"v":20,"d":"20.0"},{"v":20,"d":"20.0"},{"v":20,"d":"20.0"}]
["Piscicultura","m2 tanques",2,{"v":10,"d":"10.0"},{"v":5005,"d":"5,005.0"},{"v":10000,"d":"10,000.0"},{"v":10010,"d":"10,010.0"}]
["Suinocultura","cabecas",5,{"v":3,"d":"3.0"},15.2,{"v":40,"d":"40.0"},{"v":76,"d":"76.0"}]
["Fonte: Secretaria de Agricultura e Abastecimento, CDRS/IEA, Projeto LUPA."]
[]
["TABELA 406.3 -  Máquinas, Implementos e Benfeitorias, Município de Paulínia, Estado de São Paulo, 2016/17."]
["ITEM","UNIDADE","N.DE UPAs","MÍNIMO","MÉDIO","MÁXIMO","TOTAL"]
["Arado comum (bacia, aiveca)","unidade",12,{"v":1,"d":"1.0"},{"v":1.08,"d":"1.1"},{"v":2,"d":"2.0"},{"v":13,"d":"13.0"}]
["Arado escarificador","unidade",12,{"v":1,"d":"1.0"},{"v":1.08,"d":"1.1"},{"v":2,"d":"2.0"},{"v":13,"d":"13.0"}]
["Arado subsolador","unidade",1,{"v":1,"d":"1.0"},{"v":1,"d":"1.0"},{"v":1,"d":"1.0"},{"v":1,"d":"1.0"}]
["Batedeira de cereais","unidade",1,{"v":1,"d":"1.0"},{"v":1,"d":"1.0"},{"v":1,"d":"1.0"},{"v":1,"d":"1.0"}]
["Carreta de trator","unidade",3,{"v":1,"d":"1.0"},{"v":1.67,"d":"1.7"},{"v":3,"d":"3.0"},{"v":5,"d":"5.0"}]
["Colhedeira acoplada","unidade",1,{"v":1,"d":"1.0"},{"v":1,"d":"1.0"},{"v":1,"d":"1.0"},{"v":1,"d":"1.0"}]
["Computador","unidade",1,{"v":4,"d":"4.0"},{"v":4,"d":"4.0"},{"v":4,"d":"4.0"},{"v":4,"d":"4.0"}]
["Conj.irrigacao convencional","unidade",7,{"v":1,"d":"1.0"},{"v":1.57,"d":"1.6"},{"v":5,"d":"5.0"},{"v":11,"d":"11.0"}]
["Desintegrador, picador, triturador","unidade",4,{"v":1,"d":"1.0"},{"v":1.25,"d":"1.3"},{"v":2,"d":"2.0"},{"v":5,"d":"5.0"}]
["Distribuidor de calcario","unidade",1,{"v":2,"d":"2.0"},{"v":2,"d":"2.0"},{"v":2,"d":"2.0"},{"v":2,"d":"2.0"}]
["Ensiladeira","unidade",2,{"v":1,"d":"1.0"},{"v":2,"d":"2.0"},{"v":3,"d":"3.0"},{"v":4,"d":"4.0"}]
["Grade aradora (tipo romi)","unidade",4,{"v":1,"d":"1.0"},{"v":1,"d":"1.0"},{"v":1,"d":"1.0"},{"v":4,"d":"4.0"}]
["Grade niveladora","unidade",8,{"v":1,"d":"1.0"},{"v":1.38,"d":"1.4"},{"v":4,"d":"4.0"},{"v":11,"d":"11.0"}]
["Misturador de racao","unidade",1,{"v":2,"d":"2.0"},{"v":2,"d":"2.0"},{"v":2,"d":"2.0"},{"v":2,"d":"2.0"}]
["Mmicrotrator","unidade",1,{"v":1,"d":"1.0"},{"v":1,"d":"1.0"},{"v":1,"d":"1.0"},{"v":1,"d":"1.0"}]
["Pulverizador tratorizado","unidade",14,{"v":1,"d":"1.0"},{"v":1.36,"d":"1.4"},{"v":6,"d":"6.0"},{"v":19,"d":"19.0"}]
["Roçadeira tratorizada","unidade",5,{"v":1,"d":"1.0"},{"v":1,"d":"1.0"},{"v":1,"d":"1.0"},{"v":5,"d":"5.0"}]
["Semeadeira/adubadeira para plantio convencional","unidade",1,{"v":1,"d":"1.0"},{"v":1,"d":"1.0"},{"v":1,"d":"1.0"},{"v":1,"d":"1.0"}]
["Semeadeira/plantadeira plantio direto","unidade",1,{"v":1,"d":"1.0"},{"v":1,"d":"1.0"},{"v":1,"d":"1.0"},{"v":1,"d":"1.0"}]
["Trator de pneus  acima de 85 cv","unidade",3,{"v":1,"d":"1.0"},{"v":1.67,"d":"1.7"},{"v":3,"d":"3.0"},{"v":5,"d":"5.0"}]
["Trator de pneus até 65 cv","unidade",20,{"v":1,"d":"1.0"},1.4,{"v":3,"d":"3.0"},{"v":28,"d":"28.0"}]
["Trator de pneus de 66 cv a 85 cv","unidade",20,{"v":1,"d":"1.0"},1.9,{"v":10,"d":"10.0"},{"v":38,"d":"38.0"}]
["Acude/represa","unidade",15,{"v":1,"d":"1.0"},1.6,{"v":6,"d":"6.0"},{"v":24,"d":"24.0"}]
["Almoxarifado/oficina","unidade",1,{"v":1,"d":"1.0"},{"v":1,"d":"1.0"},{"v":1,"d":"1.0"},{"v":1,"d":"1.0"}]
["Armazem para graos ensacados","sacas",1]
["Balanca para bovinos","unidade",1,{"v":1,"d":"1.0"},{"v":1,"d":"1.0"},{"v":1,"d":"1.0"},{"v":1,"d":"1.0"}]
["Barracao para granja/avicultura","unidade",1,{"v":2,"d":"2.0"},{"v":2,"d":"2.0"},{"v":2,"d":"2.0"},{"v":2,"d":"2.0"}]
["Barracao/galpao/garagem","unidade",39,{"v":1,"d":"1.0"},{"v":1.72,"d":"1.7"},{"v":9,"d":"9.0"},{"v":67,"d":"67.0"}]
["Casa de moradia habitada","unidade",54,{"v":1,"d":"1.0"},{"v":2.37,"d":"2.4"},{"v":10,"d":"10.0"},{"v":128,"d":"128.0"}]
["Casa de moradia total","unidade",36,{"v":1,"d":"1.0"},{"v":2.69,"d":"2.7"},{"v":10,"d":"10.0"},{"v":97,"d":"97.0"}]
["Curral/mangueira","unidade",3,{"v":1,"d":"1.0"},{"v":1,"d":"1.0"},{"v":1,"d":"1.0"},{"v":3,"d":"3.0"}]
["Deposito/tulha","unidade",3,{"v":1,"d":"1.0"},{"v":1.33,"d":"1.3"},{"v":2,"d":"2.0"},{"v":4,"d":"4.0"}]
["Estabulo","unidade",3,{"v":1,"d":"1.0"},{"v":2.33,"d":"2.3"},{"v":4,"d":"4.0"},{"v":7,"d":"7.0"}]
["Estufa/plasticultura","m2",1]
["Instalacoes para equinos","unidade",1,{"v":2,"d":"2.0"},{"v":2,"d":"2.0"},{"v":2,"d":"2.0"},{"v":2,"d":"2.0"}]
["Packing house","unidade",1,{"v":1,"d":"1.0"},{"v":1,"d":"1.0"},{"v":1,"d":"1.0"},{"v":1,"d":"1.0"}]
["Pocilga","unidade",1,{"v":1,"d":"1.0"},{"v":1,"d":"1.0"},{"v":1,"d":"1.0"},{"v":1,"d":"1.0"}]
["Poco semi-artesiano","unidade",1,{"v":1,"d":"1.0"},{"v":1,"d":"1.0"},{"v":1,"d":"1.0"},{"v":1,"d":"1.0"}]
["Silo para silagem","ton",1]
["Fonte: Secretaria de Agricultura e Abastecimento, CDRS/IEA, Projeto LUPA."]
[]
["TABELA 406.4 - Outras Estatísticas Agrícolas, Município de Paulínia, Estado de São Paulo, 2016/17."]
["ITEM","Número de UPAs",null,"Percentual"]
["Faz Parte de Associação de Produtores",3,null,{"v":3.7037037037037037,"d":"3.7"}]
["Faz Parte de Cooperativa de Produtores",2,null,{"v":2.4691358024691357,"d":"2.5"}]
["Faz Parte do Sindicato de Produtores",5,null,{"v":6.172839506172839,"d":"6.2"}]
["Não utiliza assistência técnica ",70,null,{"v":86.41975308641975,"d":"86.4"}]
["Utiliza somente assistência técnica governamental ",1,null,{"v":1.2345679012345678,"d":"1.2"}]
["Utiliza somente assistência técnica privada ",10,null,{"v":12.345679012345679,"d":"12.3"}]
["Utiliza assistência técnica tanto governamental quanto privada","-",null,"-"]
["Utiliza Crédito Rural",1,null,{"v":1.2345679012345678,"d":"1.2"}]
["Utiliza Seguro Rural",1,null,{"v":1.2345679012345678,"d":"1.2"}]
["Utiliza Escrituração Agrícola",8,null,{"v":9.876543209876543,"d":"9.9"}]
["Acessa Internet p/ Fins na Agropecuária",2,null,{"v":2.4691358024691357,"d":"2.5"}]
["Utiliza Computador nas Atividades Agropecuárias",5,null,{"v":6.172839506172839,"d":"6.2"}]
["Utiliza Energia Elétrica Para Uso na Atividade Agrícola",30,null,{"v":37.03703703703704,"d":"37.0"}]
["Utiliza Energia Alternativa","-",null,"-"]
["Realiza Análise de Solo, quando necessário",10,null,{"v":12.345679012345679,"d":"12.3"}]
["Realiza Calagem",2,null,{"v":2.4691358024691357,"d":"2.5"}]
["Utiliza Práticas de Conservação de Solo, quando necessário",19,null,{"v":23.456790123456788,"d":"23.5"}]
["Faz Adubação Mineral, quando necessário",11,null,{"v":13.580246913580247,"d":"13.6"}]
["Faz Adubação Orgânica, quando necessário",21,null,{"v":25.925925925925924,"d":"25.9"}]
["Faz Adubação Verde, quando necessário",18,null,{"v":22.222222222222225,"d":"22.2"}]
["Utiliza Manejo Integrado de Pragas (MIP)",1,null,{"v":1.2345679012345678,"d":"1.2"}]
["Utiliza Hidroponia","-",null,"-"]
["Utiliza Cultivo em Estufa","-",null,"-"]
["Utiliza Mudas Fiscalizadas","-",null,"-"]
["Utiliza Semente Melhorada",2,null,{"v":2.4691358024691357,"d":"2.5"}]
["Faz Confinamento de Bovinos","-",null,"-"]
["Utiliza Pastejo Intensivo",2,null,{"v":2.4691358024691357,"d":"2.5"}]
["Faz Inseminação Artificial",1,null,{"v":1.2345679012345678,"d":"1.2"}]
["Faz Mineralização do Rebanho",8,null,{"v":9.876543209876543,"d":"9.9"}]
["Faz Vermifugação do Rebanho",9,null,{"v":11.111111111111112,"d":"11.1"}]
["Possui Parceiros /Arrendatários na Exploração Animal","-",null,"-"]
["Existência de trabalhadores c/ deficiência na UPA","-",null,"-"]
["Esporte e lazer","-",null,"-"]
["Extração mineral","-",null,"-"]
["Hotel Fazenda, Pousada ou SPA","-",null,"-"]
["Pesque-pague",5,null,{"v":6.172839506172839,"d":"6.2"}]
["Restaurante ou Lanchonete",3,null,{"v":3.7037037037037037,"d":"3.7"}]
["Transformação artesanal","-",null,"-"]
["Turismo rural ou ecoturismo","-",null,"-"]
["Outras atividades econômicas rurais","-",null,"-"]
["Agroindústria","-",null,"-"]
["Proprietário sem instrução ou com instrução incompleta",1,null,{"v":1.2345679012345678,"d":"1.2"}]
["Proprietário com antigo primário completo",7,null,{"v":8.641975308641975,"d":"8.6"}]
["Proprietário com 1° grau (ou antigo ginasial) completo",27,null,{"v":33.333333333333336,"d":"33.3"}]
["Proprietário com 2° grau (ou antigo colegial) completo",17,null,{"v":20.987654320987655,"d":"21.0"}]
["Proprietário com curso superior completo ",21,null,{"v":25.925925925925924,"d":"25.9"}]
["Pessoa Jurídica",8,null,{"v":9.876543209876543,"d":"9.9"}]
["Proprietário residente na própria UPA ",23,null,{"v":28.395061728395063,"d":"28.4"}]
["Fonte: Secretaria de Agricultura e Abastecimento, CDRS/IEA, Projeto LUPA."]
[]
["TABELA 406.5 - Área Cultivada, Município de Paulínia, Estado de São Paulo, 2016/17."]
["CULTURA","N.DE UPAs","MÍNIMO","MÉDIO","MÁXIMO","TOTAL"]
["Cana-de-acucar finalidade industria",15,10.4,226.6,{"v":2000,"d":"2,000.0"},{"v":3399,"d":"3,399.0"}]
["Cana-de-acucar outras finalidades",4,58.8,{"v":93.65,"d":"93.7"},{"v":188,"d":"188.0"},374.6]
["Braquiaria",16,{"v":1,"d":"1.0"},{"v":14.73,"d":"14.7"},{"v":60,"d":"60.0"},235.7]
["Soja",2,{"v":15,"d":"15.0"},{"v":74,"d":"74.0"},{"v":133,"d":"133.0"},{"v":148,"d":"148.0"}]
["Outras olericolas",15,0.5,{"v":8.33,"d":"8.3"},{"v":37,"d":"37.0"},{"v":125,"d":"125.0"}]
["Laranja Industria",1,{"v":70,"d":"70.0"},{"v":70,"d":"70.0"},{"v":70,"d":"70.0"},{"v":70,"d":"70.0"}]
["Banana",15,{"v":1,"d":"1.0"},{"v":3.48,"d":"3.5"},7.5,52.2]
["Gramas",2,20.5,{"v":25.25,"d":"25.3"},{"v":30,"d":"30.0"},50.5]
["Alface",4,{"v":1,"d":"1.0"},{"v":12,"d":"12.0"},{"v":35,"d":"35.0"},{"v":48,"d":"48.0"}]
["Laranja Mercado",1,{"v":42,"d":"42.0"},{"v":42,"d":"42.0"},{"v":42,"d":"42.0"},{"v":42,"d":"42.0"}]
["Milho safra",6,{"v":1,"d":"1.0"},{"v":5.13,"d":"5.1"},19.8,30.8]
["Abacate",12,0.5,{"v":2.53,"d":"2.5"},4.5,30.3]
["Mandioca",6,1.6,{"v":4.27,"d":"4.3"},{"v":10,"d":"10.0"},25.6]
["Laranja destino misto",1,19.2,19.2,19.2,19.2]
["Uva rustica",1,12.4,12.4,12.4,12.4]
["Couve (ou couve-crespa)",3,{"v":1,"d":"1.0"},2.6,4.2,7.8]
["Caqui",4,{"v":1,"d":"1.0"},{"v":1.25,"d":"1.3"},{"v":2,"d":"2.0"},{"v":5,"d":"5.0"}]
["Goiaba",1,{"v":5,"d":"5.0"},{"v":5,"d":"5.0"},{"v":5,"d":"5.0"},{"v":5,"d":"5.0"}]
["Manga",2,{"v":1,"d":"1.0"},{"v":2,"d":"2.0"},{"v":3,"d":"3.0"},{"v":4,"d":"4.0"}]
["Quiabo",2,1.5,{"v":1.75,"d":"1.8"},{"v":2,"d":"2.0"},3.5]
["Feijao",1,{"v":3,"d":"3.0"},{"v":3,"d":"3.0"},{"v":3,"d":"3.0"},{"v":3,"d":"3.0"}]
["Lima",1,0.5,0.5,0.5,0.5]
["Repolho",1,0.5,0.5,0.5,0.5]
["Fonte: Secretaria de Agricultura e Abastecimento, CDRS/IEA, Projeto LUPA."]